| 000 | 02011nam0a2200397 4500 | ||
|---|---|---|---|
| 001 | RU\NLR\BIBL_A\012567092 | ||
| 005 | 20211027120922.0 | ||
| 010 |
_a978-5-9948-3940-9 _9100 |
||
| 021 |
_aRU _bКН-П-21-013977 _9КН-П-21-1119 |
||
| 035 | _a(NLR Aleph) 012567092 | ||
| 090 |
_a12478909 _c12478909 |
||
| 100 | _a20210720d2020 k y0rusy50 ca | ||
| 101 | 0 | _arus | |
| 102 | _aRU | ||
| 105 | _aa|||z|||010zy | ||
| 181 | 0 |
_ai _baxxe |
|
| 182 | 0 | _an | |
| 200 | 1 |
_aДестабилизация водных дисперсий катионными полиэлектролитами _eмонография _fС.С. Дрябина, Ж.Н., Малышева, А.В. Навроцкий, И.А. Новаков _gМинистерство науки и высшего образования Российской Федерации, Волгоградский государственный технический университет |
|
| 203 |
_aТекст _bвизуальный _cнепосредственный |
||
| 210 |
_aВолгоград _cВолгГТУ _d2020 |
||
| 215 |
_a166, [2] с. _cил., цв,. ил., табл. _d22 |
||
| 300 | _aНа обл.: ВолгГТУ, 90 | ||
| 320 | _aБиблиогр.: с. 153-167 (135 назв.) | ||
| 606 | 1 |
_aДисперсные системы _xУстойчивость _2nlr_sh1 _2nlr_sh2 _3RU\NLR\AUTH\66385558 |
|
| 606 | 1 |
_aПолиэлектролиты как флокулянты _2nlr_sh1 _2nlr_sh2 _3RU\NLR\AUTH\66886547 |
|
| 686 | 1 | _aГ616 | |
| 686 | 1 | _aЛ293.8 | |
| 701 | 1 |
_aНавроцкий _bА. В. _f1970- _gАлександр Валентинович |
|
| 701 | 1 |
_aНоваков _bИ. А. _f1949- _gИван Александрович |
|
| 701 | 1 |
_aДрябина _bС. С. _gСветлана Сергеевна |
|
| 701 | 1 |
_aМалышева _bЖ. Н. _gЖанна Николаевна |
|
| 942 | _cBOOK | ||
| 980 | _aNBR | ||
| 980 | _aNB | ||